| 000 | 00521nam a22001697a 4500 | ||
|---|---|---|---|
| 008 | 240530b |||||||| |||| 00| 0 eng d | ||
| 020 | _a0198247664 | ||
| 050 | _aJC585.M75 R44 1985 | ||
| 100 |
_aRees John C. _952814 |
||
| 245 |
_aJohn Stuart Mill's on liberty _cJohn C. Rees. |
||
| 260 |
_aOxford: _bClarendon Press. _c1985. |
||
| 300 |
_axi; _b210p, _c22cm. |
||
| 600 |
_aMill,John; _y1806-1873,on liberty _952815 |
||
| 600 |
_aI. Williams,Geraint, _y1942- _952817 |
||
| 650 |
_aLiberty; _97967 |
||
| 942 |
_2lcc _cMONOGRAPH |
||
| 999 |
_c131928 _d131928 |
||